EMEA office rents map 2007 (Record no. 107251)

MARC details
000 -LEADER
fixed length control field 01106cad a22002535a 4500
001 - CONTROL NUMBER
control field L138787
008 - FIXED-LENGTH DATA ELEMENTS--GENERAL INFORMATION
fixed length control field 070711s2007 xxkd f s 000 0 eng d
035 ## - SYSTEM CONTROL NUMBER
System control number (Sirsi) u138787
041 0# - LANGUAGE CODE
Language code of text/sound track or separate title eng
050 04 - LIBRARY OF CONGRESS CALL NUMBER
Classification number 333.337 $2 18
110 2# - MAIN ENTRY--CORPORATE NAME
Corporate name or jurisdiction name as entry element Colliers International Property Consultants
9 (RLIN) 1881
245 00 - TITLE STATEMENT
Title EMEA office rents map 2007
Medium [electronic resource]
260 ## - PUBLICATION, DISTRIBUTION, ETC.
Place of publication, distribution, etc. [S.l.l]
Name of publisher, distributor, etc. Colliers
Date of publication, distribution, etc. 2007
520 ## - SUMMARY, ETC.
Summary, etc. Provides class A/prime office rents, vacancy rates and prime yields for the key city markets across Europe, the Middle East and Africa (EMEA). This information is presented on a map of the region and includes indicators showing whether the 2007 results have increased, decreased or stayed the same.
590 ## - LOCAL NOTE (RLIN)
Local note KA
650 24 - SUBJECT ADDED ENTRY--TOPICAL TERM
Topical term or geographic name entry element COLLIERS EMEA OFFICE RENTS MAP
651 #4 - SUBJECT ADDED ENTRY--GEOGRAPHIC NAME
Geographic name Europe
651 #4 - SUBJECT ADDED ENTRY--GEOGRAPHIC NAME
Geographic name Middle East
651 #4 - SUBJECT ADDED ENTRY--GEOGRAPHIC NAME
Geographic name Africa
690 ## - LOCAL SUBJECT ADDED ENTRY--TOPICAL TERM (OCLC, RLIN)
Topical term or geographic name as entry element PROPERTY-COMMERCIAL PROPERTY-COMMERCIAL PROPERTY MARKET
690 ## - LOCAL SUBJECT ADDED ENTRY--TOPICAL TERM (OCLC, RLIN)
Topical term or geographic name as entry element PROPERTY-COMMERCIAL PROPERTY-OFFICE PROPERTY-OFFICE PROPERTY MARKET
856 40 - ELECTRONIC LOCATION AND ACCESS
Uniform Resource Identifier <a href="https://www.colliers.com">https://www.colliers.com</a>
Public note View the map free of charge at www.colliers.com...
942 ## - ADDED ENTRY ELEMENTS (KOHA)
Suppress in OPAC 0
Holdings
Withdrawn status Lost status Source of classification or shelving scheme Damaged status Not for loan Home library Current library Shelving location Date acquired Total Checkouts Full call number Barcode Date last seen Copy number Price effective from Koha item type
    Dewey Decimal Classification     Virtual Virtual Online 11/07/2007   ONLINE PUBLICATION 138787-2001 06/08/2019 1 06/08/2019 Book